3 Movies, 1 Missing Word VI Quiz Stats

 Plays Quiz Updated Aug 15, 2017

Score 0/33 Timer 04:00
1 Play Today
% Correct
Park
96.4%
Story
96.4%
Games
96%
21
95.7%
Business
95.5%
Weeks
95.4%
Music
95.1%
Hotel
95%
Friends
94.9%
Along
94.4%
Thief
94.3%
Bridge
94.2%
Jungle
93.8%
Married
93.8%
Home
93.4%
Happy
93.3%
Point
93.1%
% Correct
Diaries
92.8%
Beyond
92.4%
Rules
92.1%
Law
91.9%
People
91.5%
Death
89.4%
Sunday
89.3%
Midnight
89.3%
Body
88.4%
Fifth
87.6%
Horizon
86.5%
Single
85.5%
Rider
85.3%
Zone
85.1%
Monster
84.5%
Confessions
83%

You're not logged in!

Compare scores with friends on all Sporcle quizzes.
OR
Log In

Show Comments

Extras

Top Quizzes Today


Score Distribution

Your Account Isn't Verified!

In order to create a playlist on Sporcle, you need to verify the email address you used during registration. Go to your Sporcle Settings to finish the process.

Report this User

Report this user for behavior that violates our Community Guidelines.

Details: